000 02687cam a2200301 4500500
005 20260208003606.0
041 _afre
042 _adc
100 1 0 _aGiust-Desprairies, Florence
_eauthor
700 1 0 _aLévy, André
_eauthor
245 0 0 _aChercher l’événement pour se sentir vivant
260 _c2015.
500 _a15
520 _aBoris Cyrulnik, au cours d’un entretien, veut voir l’événement comme constitutif de la vie : sans événement, pas de vie. C’est ainsi que, se référant à son expérience de neuropsychiatre et d’éthologue, il soutient que l’on va le chercher. L’événement participe ainsi à la constitution de la sensation de vivre chez les animaux, chez les bébés préverbaux comme chez tout être humain. Sa représentation, largement tributaire de la qualité des rapports affectifs avec les proches, se traduit matériellement par des modifications de la structure du cerveau. Deux temps sont à distinguer : celui de la nécessité d’une sensation d’être vivant et le temps de la représentation de ce qui nous est arrivé. Le neurologue développe ainsi sa pensée en prenant différents exemples qui lui permettent de rendre compte des processus de restauration de soi, en soulignant notamment l’importance de la dimension culturelle.
520 _aDuring his interview, Boris Cyrulnik identifies the event as a basic element of life: without event, there is no life. Referring to his experiences as neuro-psychiatrist and ethologist, he explains that one always seeks for an event. As well for animals, non speaking babies, or any human being, the event is basic for their sensation of being alive. Its representation, widely dependent on the quality of the emotional relationships with those who are close to him/her, produce material changes in the structure of the brain. Two moments must be distinguished: that of the necessity to feel alive, and that of the representation of what has occurred. In order to develop his thought, Cyrulnik refers to a series of examples. These enable him to analyze the process of restoration of the self and to underline the importance of the cultural context.
690 _aévénement
690 _anon-vie
690 _arésilience
690 _arestauration du passé
690 _asensation de vie
690 _aevent
690 _alife sensation
690 _anon-life
690 _aresilience
690 _arestauration of the past
786 0 _nNouvelle revue de psychosociologie | 19 | 1 | 2015-03-18 | p. 221-233 | 1951-9532
856 4 1 _uhttps://shs.cairn.info/revue-nouvelle-revue-de-psychosociologie-2015-1-page-221?lang=fr&redirect-ssocas=7080
999 _c1648402
_d1648402